Running snob

Gespeichert in:
Bibliographische Detailangaben
1. Verfasser: Nelson, Kevin
Format: Buch
Sprache:Undetermined
Veröffentlicht: Guilford Lyons Press 2017
Schlagworte:
Tags: Tag hinzufügen
Keine Tags, Fügen Sie den ersten Tag hinzu!
Thư viện lưu trữ: Trung tâm Học liệu Trường Đại học Cần Thơ
LEADER 00537nam a2200193Ia 4500
001 CTU_236221
008 210402s9999 xx 000 0 und d
082 |a 818 
082 |b N424 
100 |a Nelson, Kevin 
245 0 |a Running snob 
245 0 |c Kevin Nelson 
260 |a Guilford 
260 |b Lyons Press 
260 |c 2017 
650 |a Vận động viên chạy bộ (thể thao),Runners (sports) 
650 |x Hài hước,Humor 
910 |b dqhieu 
980 |a Trung tâm Học liệu Trường Đại học Cần Thơ